Usability Evaluation of M-Banking in Pakistan to Address the Accessibility Barriers of Older People (Record no. 217269)

000 -LEADER
fixed length control field 00483 a2200169 4500
003 - CONTROL NUMBER IDENTIFIER
control field Nust
005 - DATE AND TIME OF LATEST TRANSACTION
control field 20170207171536.0
040 ## - CATALOGING SOURCE
Transcribing agency Nust
082 ## - DEWEY DECIMAL CLASSIFICATION NUMBER
Classification number 005.1
100 ## - MAIN ENTRY--PERSONAL NAME
Personal name Tariq, Saleha .(MSCS-18)
245 ## - TITLE STATEMENT
Title Usability Evaluation of M-Banking in Pakistan to Address the Accessibility Barriers of Older People
Statement of responsibility, etc. Saleha Tariq
260 ## - PUBLICATION, DISTRIBUTION, ETC.
Place of publication, distribution, etc. rawalpindi
Name of publisher, distributor, etc. MCS,NUST
Date of publication, distribution, etc. July, 2015
300 ## - PHYSICAL DESCRIPTION
Extent x,75, Appendix,20p
538 ## - SYSTEM DETAILS NOTE
System details note Almirah No.70 Shelf No.3
650 ## - SUBJECT ADDED ENTRY--TOPICAL TERM
Topical term or geographic name entry element PG Thesis
651 ## - SUBJECT ADDED ENTRY--GEOGRAPHIC NAME
Geographic name MSCS-18
942 ## - ADDED ENTRY ELEMENTS (KOHA)
Koha item type
Holdings
Withdrawn status Lost status Source of classification or shelving scheme Damaged status Not for loan Collection code Permanent Location Current Location Date acquired Total Checkouts Full call number Barcode Date last seen Price effective from Koha item type
            Military College of Signals (MCS) Military College of Signals (MCS) 12/12/2016   005.1 TAR MCSTCS-362 12/08/2016 12/12/2016 Book
© 2023 Central Library, National University of Sciences and Technology. All Rights Reserved.